000 00447nam a2200169Ia 4500
003 GCL
008 140319s9999 xx 000 0 eng d
040 _aGCL /
_cGCL
082 0 4 _a669.293
_bH U
100 1 _aHARRINGTON , CHARLES
245 1 0 _aUranium production technology /
_cHARRINGTON , CHARLES
700 1 _aRUEHLE, ARCHIE
260 _a[S.N] :
_bVAN NOSTRAND COMPANY ،
_c1959
300 _a577 p
650 0 4 _aURANIUM
942 _2ddc
_cBK
999 _c10354
_d10354